000 04447nam a2200373 a 4500
003 CHAP
005 20250207135211.0
007 ta
008 250207s2024 mx ado|fom||| 001 0 spa d
040 _erda
041 _aspa
_beng
100 1 _aTrujano Montiel, Edith
_9189593
245 1 0 _aDesarrollo de proveedores de leche de ovino para la agroindustria ex Hacienda el Zoquital /
_cEdith Trujano Montiel
264 _aChapingo, México :
_bEl autor,
_c2024
300 _a1 recurso en línea (xiii,79 páginas) :
_bilustraciones, tablas, gráficas, fotografías
336 _2rdacontent
_atexto
_btxt
337 _2rdamedia
_acomputadora
_bc
338 _2rdacarrier
_arecurso en línea
_bcr
502 _aInforme de Estancia Preprofesional
_cAgroindustrias
_d2024
_gLIC
504 _aBibliografía : páginas 52-55
520 3 _aEste proyecto presenta las acciones que se realizaron para buscar los mecanismos del desarrollo de la proveeduría de leche de ovino para la agroindustria Ex Hacienda el Zoquital, conocer el estado actual de la empresa y ubicar los actores candidatos a la aplicación de un Programa de Desarrollo de Proveedores (PDP) de FIRA (Fideicomisos Instituidos en Relación con la Agricultura). De manera inicial, se realizó un diagnóstico de la situación actual de la empresa mediante un análisis FODA (fortalezas, oportunidades, debilidades y amenazas) y factorial; seguido de una evaluación de prácticas de producción de leche, conforme a las recomendaciones del Servicio Nacional de Sanidad, Inocuidad y Calidad Agroalimentaria (SENASICA) para conocer la situación interna de la empresa, a partir de la cual se planteen estrategias de mejora que puedan reproducirse en otras unidades de producción; se plantea el mercado actual y una red de valor del queso de oveja. Posteriormente se convocó a productores de los municipios de Hidalgo: Atotonilco el Grande, Huasca de Ocampo, Mineral de la Reforma, Pachuca de Soto y Omitlán, a lo cual respondieron catorce interesados, siendo ninguno de ellos productores de leche de ovino, este resultado de manera sorpresiva es contrario a las estadísticas de FAO (Organización de las Naciones Unidas para la Alimentación y la Agricultura) por lo que se analizan estos datos. Finalmente dadas las condiciones encontradas tanto en la empresa, como la ausencia de productores de leche de ovino, la implementación de un PDP quedó a reserva de FIRA.
520 3 _aThis project presents the actions carried out to seek the mechanisms of development of ovine milk supply for the agro-industry Ex Hacienda del Zoquital, to know the company’s current state and identify the candidates for the application to a Supplier Development Program (PDP) of Trust Funds for Rural Development (FIRA) Firstly, a diagnosis of the enterprise’s current situation was made through a SWOT analysis (Strengths, Weaknesses, Opportunities, and Threats) and a factorial one; followed by a milk production practice evaluation according to the SENASICA’s (National Service of Safety, Innocuousness, and Agri-food Quality) recommendations to have knowledge of the enterprise’s inner situation, to which improvement strategies are proposed in order that can be replicated in other production units; the current market and a sheep cheese value network are posed. Subsequently, producers from Hidalgo’s municipalities were convened: Atotonilco el Grande, Huasca de Ocampo, Mineral de la Reforma, Pachuca de Soto, and Omitlán, from which fourteen interested parties responded, none of them being sheep milk producers. This result is surprisingly opposite to the FAO’s (Food and Agriculture Organization) statistics, so that these data are analyzed. Finally given the conditions found both in the enterprise and the absence of ovine milk producers the implementation of a PDP was left to FIRA.
650 1 3 _aLeche
_2atg
_965357
650 1 3 _aLeche de oveja
_2atg
_xProductores
_9146720
650 1 3 _aIndustria lechera
_2atg
_957819
650 1 3 _aMilk
_2atg
_9147069
650 1 3 _aEwe milk
_2atg
_9190085
_xGrowers
650 1 3 _aDairy industry
_2atg
_9147068
700 1 _aMartínez Mosqueda, Francisco
_9148600
_edirector
700 1 _aReyna Izaguirre, Diana América
_9147338
_easesora
700 1 _aMayor López, David
_9189601
_easesor
856 4 0 _yDESCARGAR PDF
_uhttp://10.13.5.2/tesis/tl/1712664-3_TRUJANO_MONTIEL_EDITH.pdf
942 _2Clasificación Universidad Autónoma Chapingo
_cTD
999 _c220443
_d220443